000 00624nam a2200229Ia 4500
003 OSt
005 20221007080921.0
006 a|||||r|||| 00| 0
007 ta
008 221006b |||||||| |||| 00| 0 eng d
024 _a16,548
037 _cTextual
040 _aFLL
_cFLL
_beng
041 _2eng
_aeng
082 _aY1:414:6:Z73, K5
100 _aLindermith A.R. Au.
_9695872
245 0 _aAddict and the law
260 _aNew York
_bIndiana university press U.S.A.
_c1965
300 _a337p
_ccm.
942 _hY1:414:6:Z73, K5
_cTEXL
_2CC
999 _c1161356
_d1161356